[Event "Payback time"]
[Site "http://www.queenalice.com/game.php?id=558235"]
[Date "2009.3.19"]
[Round "-"]
[White "SueliFigueira"]
[Black "brviking"]
[Result "0-1"]
[WhiteElo "1242"]
[BlackElo "1418"]

1. e4 e5 2. Qf3 f6 3. b3 d6 4. Bc4 Ne7 5. g4 g5 6. Qh3 Ng6 7. Bb5+ c6 8. Ba4 b5
9. Bxb5 cxb5 10. a4 b4 11. Ne2 d5 12. O-O Ba6 13. d3 dxe4 14. c4 exd3 15. Rd1
Bc5 16. Rxd3 Qb6 17. Rf3 Nd7 18. Ra2 e4 19. Rg3 Nf4 20. Nxf4 gxf4 21. Bxf4 O-O-O
22. Nd2 Bxf2+ 23. Kf1 Bb7 24. a5 Qd4 25. Rg2 e3 26. Nb1 Qd1# 0-1

[Event "Challenge"]
[Site "http://www.queenalice.com/game.php?id=558678"]
[Date "2009.3.20"]
[Round "-"]
[White "lesbica"]
[Black "SueliFigueira"]
[Result "1-0"]
[WhiteElo "1444"]
[BlackElo "1194"]

1. e4 e5 2. Bc4 Nf6 3. Qf3 h5 4. d3 d6 5. Bg5 c5 6. Nc3 Qa5 7. Bxf6 gxf6 8. Qxf6
Rh6 9. Qxf7+ Kd8 10. Qxf8+ Kc7 11. Qxh6 Bg4 12. f3 Bd7 13. Qxh5 a6 14. Ne2 Kc8
15. O-O Kd8 16. f4 exf4 17. Rxf4 b5 18. Rf8+ Kc7 19. Bd5 c4 20. Bxa8 cxd3 21.
cxd3 Kb6 22. Rxb8+ Kc7 23. Rb7+ Kc6 24. Qd5# 1-0

[Event "Round 1"]
[Site "http://www.queenalice.com/game.php?id=559463"]
[Date "2009.3.21"]
[Round "-"]
[White "Mr_SPOCK"]
[Black "SueliFigueira"]
[Result "1-0"]
[WhiteElo "1549"]
[BlackElo "1250"]

1. e4 e5 2. Nf3 Bc5 3. Bc4 Nf6 4. Nc3 O-O 5. Nd5 Nxe4 6. O-O h5 7. Nxe5 h4 8.
Bd3 f6 9. Ng6 Re8 10. Qh5 Ng5 11. Qh8+ Kf7 12. Qxh4 c6 13. Nc7 Qxc7 14. Nh8+ Ke6
15. Re1+ Kd5 16. c4+ Kd6 17. Rxe8 b5 18. Qf4# 1-0

[Event "Round 2  :)"]
[Site "http://www.queenalice.com/game.php?id=559476"]
[Date "2009.3.21"]
[Round "-"]
[White "SueliFigueira"]
[Black "Mr_SPOCK"]
[Result "0-1"]
[WhiteElo "1239"]
[BlackElo "1415"]

1. d4 Nc6 2. Bg5 f6 3. d5 Nb4 4. Bd2 Nxd5 5. c4 Nb6 6. Qb3 d5 7. g3 Nxc4 8. Bb4
Be6 9. Nf3 d4 10. Qa4+ c6 11. e3 Nxb2 12. Qc2 dxe3 13. fxe3 Bf5 14. Qxb2 Qd7 15.
h4 O-O-O 16. Bc4 Qd1+ 17. Kf2 Qxh1 18. Ba5 Bh3 19. e4 Qg2+ 20. Ke3 Qxb2 21. Bc3
Qb6+ 22. Kf4 e5+ 23. Nxe5 fxe5+ 24. Kxe5 Qc5+ 25. Kf4 Bd6+ 26. Kf3 Rf8+ 27. Ke2
Qxc4+ 28. Ke3 Bc5+ 29. Kd2 Rf2+ 30. Ke1 Qf1# 0-1

[Event "nao sou fera"]
[Site "http://www.queenalice.com/game.php?id=560094"]
[Date "2009.3.22"]
[Round "-"]
[White "kavalheiro"]
[Black "SueliFigueira"]
[Result "1-0"]
[WhiteElo "1447"]
[BlackElo "1147"]

1. e3 e5 2. Qh5 Qf6 3. Bb5 Bb4 4. Bc4 g6 5. Qe2 a6 6. Qd3 b5 7. Bd5 Ra7 8. Nf3
c6 9. Be4 h5 10. O-O d5 11. Re1 dxe4 12. Qxe4 Ne7 13. Nxe5 Nd5 14. Nxc6+ Qe6 15.
Ne5 Nc6 16. f4 f5 17. Qd3 Bc5 18. b3 h4 19. Qxb5 axb5 20. d4 Bb4 21. c3 Ba5 22.
b4 h3 23. gxh3 Bc7 24. Nd2 Rxh3 25. e4 Nxc3 26. d5 Qd6 27. dxc6 g5 28. exf5 Qd4+
29. Kg2 g4 30. Nef3+ Kf7 31. Nxd4 Bxf4 32. Bb2 Bxd2 33. Rf1 Re7 34. f6 Re2+ 35.
Rf2 Be3 36. Rxe2 Nxe2 37. Nxe2 Bf5 38. c7 Rh8 39. Rd1 Be4+ 40. Kg3 Bf5 41. Rd3
Bxd3 42. Nf4 Rc8 43. Be5 Bc4 44. Nh5 Rh8 45. Kxg4 Kg6 46. h3 Bf7 47. Nf4+ Kh6
48. h4 Bxa2 49. f7 Bxf7 50. Bxh8 Be6+ 51. Nxe6 Kh7 52. c8=Q Bd2 53. Nf8+ Kg8 54.
Ne6+ Kh7 55. h5 Bxb4 56. Kg5 Be7+ 57. Kf5 Kh6 58. Bb2 Kxh5 59. Qh8# 1-0

[Event "Challenge"]
[Site "http://www.queenalice.com/game.php?id=562391"]
[Date "2009.3.27"]
[Round "-"]
[White "Alexandre_lima"]
[Black "SueliFigueira"]
[Result "1-0"]
[WhiteElo "1190"]
[BlackElo "1211"]

1. d4 e6 2. Nf3 Bb4+ 3. c3 Ba5 4. Bg5 f6 5. Bh4 g5 6. Bg3 h5 7. h4 gxh4 8. Nxh4
Nh6 9. Ng6 Rg8 10. Nf4 Nc6 11. Nxh5 b5 12. Bh4 Nf5 13. Nxf6+ Kf7 14. Nxg8 Kxg8
15. Bxd8 Nxd8 16. e4 Nd6 17. Rh3 Nxe4 18. Qg4+ Kf7 19. Rh7+ Kf6 20. Qxe4 Nc6 21.
Rh6+ Kg5 22. Qg6+ Kf4 23. g3+ Kf3 24. Nd2# 1-0

[Event "Challenge"]
[Site "http://www.queenalice.com/game.php?id=564612"]
[Date "2009.3.31"]
[Round "-"]
[White "SueliFigueira"]
[Black "Prestow"]
[Result "0-1"]
[WhiteElo "1147"]
[BlackElo "1431"]

1. e4 d5 2. e5 f5 3. Nf3 e6 4. h4 Nc6 5. Bb5 Bd7 6. Nc3 a6 7. Ba4 b5 8. Bb3 Be7
9. Ng5 Nxe5 10. Qh5+ g6 11. Qe2 Bf6 12. Nf3 Nxf3+ 13. Qxf3 Bc6 14. O-O Ne7 15.
Re1 d4 16. Qd3 dxc3 17. Qxd8+ Rxd8 18. dxc3 e5 19. Bh6 f4 20. a4 Nf5 21. axb5
Bxb5 22. g4 Nxh6 23. c4 Bc6 24. Rxa6 Rd6 25. c5 Bb7 26. Ra7 Rc6 27. Rxb7 Nxg4
28. Ba4 Kd7 29. Rd1+ Ke6 30. Bxc6 Bxh4 31. Rxc7 Bxf2+ 32. Kg2 Bxc5 33. Bd7+ Kf6
34. Rxc5 Ne3+ 35. Kf3 Nxd1 36. Rc6+ Ke7 37. Rc7 Nxb2 38. Bc8+ Kd8 39. Rb7 Nc4
40. Be6 e4+ 41. Kxe4 Nd6+ 42. Kxf4 Nxb7 43. c3 Rf8+ 44. Kg5 Nc5 45. Bd5 Rf5+ 46.
Kh6 Rxd5 47. Kxh7 g5 48. c4 Rd6 49. Kg7 Ke7 50. Kh7 Rf6 51. Kg7 g4 52. Kg8 Rg6+
53. Kh7 Kf7 54. Kh8 Rh6# 0-1

[Event "Challenge"]
[Site "http://www.queenalice.com/game.php?id=564748"]
[Date "2009.3.31"]
[Round "-"]
[White "SueliFigueira"]
[Black "Julianoj"]
[Result "1-0"]
[WhiteElo "1230"]
[BlackElo "1138"]

1. e4 h5 2. Qf3 Nf6 3. g4 h4 4. Bc4 e6 5. g5 Ng8 6. d4 Qe7 7. d5 Qxg5 8. Bxg5 d6
9. Bb5+ c6 10. Ba4 b5 11. Bb3 e5 12. dxc6 Nxc6 13. Qxf7# 1-0

[Event "Challenge"]
[Site "http://www.queenalice.com/game.php?id=567870"]
[Date "2009.4.6"]
[Round "-"]
[White "Kuroi"]
[Black "SueliFigueira"]
[Result "1-0"]
[WhiteElo "1626"]
[BlackElo "1213"]

1. e4 e5 2. Nf3 Nf6 3. Nxe5 Nxe4 4. Bc4 d5 5. Bd3 Nc5 6. Qf3 f6 7. Qh5+ g6 8.
Bxg6+ Ke7 9. Nf7 Qe8 10. Nxh8 Kd6+ 11. Bxe8 Nba6 12. Nc3 Nb4 13. Nb5+ Ke6 14.
Qf7+ Kf5 15. Qxf8 Ne6 16. Qxb4 c5 17. Nd6+ Ke5 18. Nhf7# 1-0

[Event "AUTO-BEG-306"]
[Site "http://www.queenalice.com/game.php?id=568492"]
[Date "2009.4.8"]
[Round "1"]
[White "SueliFigueira"]
[Black "Kike"]
[Result "0-1"]
[WhiteElo "1175"]
[BlackElo "1187"]

1. e4 e5 2. Bc4 Qe7 3. a4 Nc6 4. Nf3 d6 5. b3 Nf6 6. h4 Qd7 7. Ng5 Qg4 8. f3
Qxg2 9. Rh3 Bxh3 10. Qe2 Qg1+ 11. Qf1 Bxf1 12. Bxf1 O-O-O 13. Ke2 Nd4+ 14. Kd3
Qxf1+ 15. Kc3 Ne2+ 16. Kc4 d5+ 17. Kb5 Nd4+ 18. Ka5 b6# 0-1

[Event "AUTO-BEG-306"]
[Site "http://www.queenalice.com/game.php?id=568493"]
[Date "2009.4.8"]
[Round "1"]
[White "Kike"]
[Black "SueliFigueira"]
[Result "1-0"]
[WhiteElo "1225"]
[BlackElo "1159"]

1. d4 e6 2. e4 f5 3. Bd3 c5 4. dxc5 Bxc5 5. Be3 Qa5+ 6. Bd2 Qb6 7. Be3 f4 8.
Bxc5 Qxc5 9. Nf3 b6 10. Qe2 Nf6 11. O-O d5 12. Bb5+ Nc6 13. e5 Ng4 14. h3 a6 15.
hxg4 axb5 16. Nc3 h5 17. Rad1 d4 18. Nxd4 Nxd4 19. Qxb5+ Nxb5 20. Ne4 Qxc2 21.
Rfe1 Qxb2 22. Nd6+ Kd8 23. Nf7+ Ke7 24. Nxh8 Ba6 25. Ng6+ Kf7 26. Nxf4 hxg4 27.
Rd7+ Ke8 28. Red1 Qxe5 29. Ng6 Qe2 30. Re7# 1-0

[Event "AUTO-BEG-306"]
[Site "http://www.queenalice.com/game.php?id=568494"]
[Date "2009.4.8"]
[Round "1"]
[White "SueliFigueira"]
[Black "Gamingo"]
[Result "0-1"]
[WhiteElo "1146"]
[BlackElo "1346"]

1. e4 e5 2. Bc4 Nc6 3. Qf3 Nf6 4. d3 Be7 5. Na3 O-O 6. h4 d6 7. h5 Nd4 8. Qd1
Bg4 9. f3 Bxh5 10. g4 Bg6 11. Nh3 d5 12. Bxd5 c6 13. Bc4 b5 14. Bxf7+ Rxf7 15.
Ng5 Rf8 16. c3 Nxg4 17. Nxh7 Bh4+ 18. Kd2 Nxf3+ 19. Ke2 Bxh7 20. d4 Nf2 21. Qf1
Nxh1 22. Qxh1 exd4 23. cxd4 Nxd4+ 24. Ke3 Bg5+ 25. Kd3 Nb3+ 26. Kc2 Nxa1+ 27.
Kc3 b4+ 28. Kxb4 Rb8+ 29. Kc5 Nb3+ 30. Kxc6 Rf6# 0-1

[Event "AUTO-BEG-306"]
[Site "http://www.queenalice.com/game.php?id=568495"]
[Date "2009.4.8"]
[Round "1"]
[White "Gamingo"]
[Black "SueliFigueira"]
[Result "1-0"]
[WhiteElo "1188"]
[BlackElo "1211"]

1. e4 e5 2. Nf3 Bd6 3. Bc4 a6 4. O-O b5 5. Bb3 Nf6 6. d3 Ng4 7. Bg5 h6 8. Bxd8
Kxd8 9. Nc3 Bc5 10. d4 exd4 11. Nxd4 d5 12. h3 Ne5 13. Bxd5 Ra7 14. Qh5 g6 15.
Qxe5 Bd6 16. Qxh8+ Kd7 17. e5 Bc5 18. e6+ Kd6 19. Rfe1 Bxd4 20. Qxd4 Rb7 21.
Qe5+ Kc5 22. Bxb7+ Kc4 23. Re4# 1-0

[Event "AUTO-BEG-306"]
[Site "http://www.queenalice.com/game.php?id=568496"]
[Date "2009.4.8"]
[Round "1"]
[White "SueliFigueira"]
[Black "Nelsonbento"]
[Result "0-1"]
[WhiteElo "1159"]
[BlackElo "1265"]

1. e4 a5 2. Bc4 e6 3. Qf3 h5 4. a3 c5 5. Nc3 g5 6. g4 h4 7. Bb5 b6 8. e5 Ba6 9.
Qxa8 Bxb5 10. Nxb5 Nc6 11. Qa6 Nxe5 12. f3 f5 13. d3 fxg4 14. fxg4 Be7 15. b4
axb4 16. a4 Nh6 17. Nh3 Nhxg4 18. Nxg5 O-O 19. d4 Nc6 20. Bf4 c4 21. h3 Rxf4 22.
hxg4 Bxg5 23. Rf1 Rxg4 24. Rd1 h3 25. Rd2 c3 26. Rdf2 Bd2+ 27. Kd1 Nb8 28. Qa8
Kh7 29. Rf7+ Kg6 30. Qf3 Qg5 31. Rf6+ Kh5 32. Qxh3+ Rh4 33. Qf3+ Qg4 34. Rf5+
exf5 35. Ke2 Rh3 36. Qxg4+ fxg4 37. Rf5+ Kh4 38. Rf8 Re3+ 39. Kf2 g3+ 40. Kg2
Re2+ 41. Kg1 Be3+ 42. Kf1 Rxc2 43. Rf3 Rf2+ 44. Rxf2 Bxf2 45. Kg2 c2 46. Nd6
c1=Q 47. Kf3 Qe3+ 48. Kg2 Kg4 49. d5 Qe1 50. Ne4 Qg1# 0-1

[Event "AUTO-BEG-306"]
[Site "http://www.queenalice.com/game.php?id=568497"]
[Date "2009.4.8"]
[Round "1"]
[White "Nelsonbento"]
[Black "SueliFigueira"]
[Result "1-0"]
[WhiteElo "1307"]
[BlackElo "1186"]

1. d4 e6 2. a4 c5 3. h4 h5 4. d5 exd5 5. Nf3 d4 6. a5 f5 7. g3 Nh6 8. Ne5 b6 9.
Ng6 bxa5 10. Nxh8 Ng4 11. Ng6 Bd6 12. Bg5 Qb6 13. Na3 Qxb2 14. Nc4 Qc3+ 15. Nd2
c4 16. Bg2 d3 17. cxd3 cxd3 18. Bxa8 Qd4 19. O-O Bb4 20. Rc1 dxe2 21. Qxe2+ Be7
22. Qxe7# 1-0

[Event "Quem será?rs....."]
[Site "http://www.queenalice.com/game.php?id=576757"]
[Date "2009.4.24"]
[Round "-"]
[White "SueliFigueira"]
[Black "Alexandre_lima"]
[Result "0-1"]
[WhiteElo "1141"]
[BlackElo "1280"]

1. e4 b6 2. Bc4 Ba6 3. Bd5 c6 4. Bb3 d5 5. Qf3 dxe4 6. Qxf7+ Kd7 7. Be6+ Kc7 8.
Qf4+ Qd6 9. Qxe4 Nf6 10. Qf5 g6 11. Na3 gxf5 12. Bxf5 Bh6 13. c4 e6 14. Bc2 Qe5+
15. Ne2 b5 16. d4 Qh5 17. Ng3 Qh4 18. O-O bxc4 19. Ba4 Nbd7 20. Re1 e5 21. dxe5
Nxe5 22. Rxe5 Rhe8 23. Rc5 Re1+ 24. Nf1 Bxc1 25. Rf5 Ng4 26. Rf7+ Kb6 27. Nc2
Rd1 28. h3 Ne5 29. Kh2 Nxf7 30. g3 Qe4 31. b3 Qxc2 32. h4 Qxf2+ 33. Kh3 Qxf1+
34. Kg4 Bc8+ 0-1